Second steppers (Record no. 113035)
[ view plain ]
| 000 -LEADER | |
|---|---|
| fixed length control field | 01001cad a22001935a 4500 |
| 001 - CONTROL NUMBER | |
| control field | L154545 |
| 008 - FIXED-LENGTH DATA ELEMENTS--GENERAL INFORMATION | |
| fixed length control field | 111220s20111217xxk f 000 0 eng d |
| 035 ## - SYSTEM CONTROL NUMBER | |
| System control number | (Sirsi) u154545 |
| 041 0# - LANGUAGE CODE | |
| Language code of text/sound track or separate title | eng |
| 110 2# - MAIN ENTRY--CORPORATE NAME | |
| Corporate name or jurisdiction name as entry element | Lloyds TSB |
| 9 (RLIN) | 4126 |
| 245 00 - TITLE STATEMENT | |
| Title | Second steppers |
| Remainder of title | The challenges facing those moving up the ladder |
| Medium | [electronic resource] |
| 260 ## - PUBLICATION, DISTRIBUTION, ETC. | |
| Place of publication, distribution, etc. | London |
| Name of publisher, distributor, etc. | Lloydsbankinggroup |
| Date of publication, distribution, etc. | 2011 |
| 520 ## - SUMMARY, ETC. | |
| Summary, etc. | Highlights the role second steppers play in realising a long term sustainable housing market. Second steppers former first time buyers who are seeking to move up the housing chain are facing difficulties in finding financial support and selling their properties at realistic prices to new first time buyers. |
| 590 ## - LOCAL NOTE (RLIN) | |
| Local note | KA |
| 651 #4 - SUBJECT ADDED ENTRY--GEOGRAPHIC NAME | |
| Geographic name | ENGLAND AND WALES |
| 690 ## - LOCAL SUBJECT ADDED ENTRY--TOPICAL TERM (OCLC, RLIN) | |
| Topical term or geographic name as entry element | PROPERTY-RESIDENTIAL PROPERTY-RESIDENTIAL PROPERTY MARKET |
| 856 40 - ELECTRONIC LOCATION AND ACCESS | |
| Uniform Resource Identifier | <a href="https://www.lloydsbankinggroup.com/media/pdfs/LTSB/2011/310111SecondSteppersReport.pdf">https://www.lloydsbankinggroup.com/media/pdfs/LTSB/2011/310111SecondSteppersReport.pdf</a> |
| Public note | View the item free of charge at www.lloydsbankinggroup.com |
| 942 ## - ADDED ENTRY ELEMENTS (KOHA) | |
| Suppress in OPAC | 0 |
| Withdrawn status | Lost status | Source of classification or shelving scheme | Damaged status | Not for loan | Home library | Current library | Shelving location | Date acquired | Total Checkouts | Full call number | Barcode | Date last seen | Copy number | Price effective from | Koha item type |
|---|---|---|---|---|---|---|---|---|---|---|---|---|---|---|---|
| Dewey Decimal Classification | Virtual | Virtual | Online | 20/12/2011 | ONLINE PUBLICATION | 154545-2001 | 06/08/2019 | 1 | 06/08/2019 | Book |